000 02765nam2a2200313 4500
001 RU\NLR\BIBL_A\011959536
005 20190403121128.0
021 _aRU
_bКН-П-19-007628
_9КН-П-19-0570
035 _a(NLR Aleph) 011959536
035 _a(RuMoRGB)009886531
090 _a11195884
_c11195884
100 _a20190313d2018 k y0rusy50 ca
101 0 _arus
102 _aRU
105 _aach z 100zy
200 0 _aТ. 56
_e[материалы XIX областной научной конференции "Рязанский край: история, люди, события", проходившей в мае 2017 г. в рамках праздника "Дни славянской письменности и культуры"]
_fНаучно-исследовательская лаборатория теории, практики и методики краеведения в образовательных организациях, Областное государственное бюджетное учреждение дополнительного профессионального образования "Рязанский институт развития образования"
_g[редакционная коллегия: Б. В. Горбунов (гл. ред.) и др.]
210 _d2018
215 _a329 с.
_cил., портр., табл., факс.
320 _aБиблиогр. в конце ст. и в подстроч. примеч.
461 0 _1001RU\NLR\bibl\175542
_12001#$aМатериалы и исследования по рязанскому краеведению$e[Сб. науч. работ]$fРяз. обл. ин-т развития образования$g[Редкол.: П.В. Акульшин, Б.В. Горбунов (отв. ред.) и др.$gАвт. предисл. Б.В. Горбунов]$vТ. 56
_9993028
_cРязань
_d2000
_fРяз. обл. ин-т развития образования
_nИзд-во Ряз. обл. ин-та развития образования
_o[Сб. науч. работ]
_tМатериалы и исследования по рязанскому краеведению
_vТ. 56
711 1 2 _a"Рязанский край: история, люди, события", областная научная конференция
_d19
_f2017
_9655408
_3RU\NLR\AUTH\880497797
711 1 2 _aДни славянской письменности и культуры
_eРязань
_f2017
_9655411
_3RU\NLR\AUTH\880497799
852 _aNLR
_j2001-3/8847; 2007-8/444
942 _cBOOK
980 _aNB